Filmwissen - Allerlei - Statistiken

Allgemein
  • Dieses Quiz wurde 102 mal gespielt
  • Das Durchschnittsergebnis liegt bei 8 aus 20
Antwortstatistiken
Frage Antwort % Korrekt
Ein offener Schluss eines Filmes, der die Spannung für einen weiteren Teil aufrecht erhält Cliffhanger
69%
Name für eine dreiteilige Saga Trilogie
69%
kurze Szenen, die vor der Filmveröffentlichung gezeigt werden, um die Leute ins Kino zu locken Teaser/Trailer
68%
Umgangssprachliche Bezeichnung für den Academy Award Oscar
67%
Der Neustart bzw. die Neuverfilmung eines Franchises Remake/Reboot
64%
Englischer Begriff für eine (zeitliche danach spielende) Fortsetzung eines Films Sequel
64%
Name für nicht geglückte Szenen aus dem Drehprozess, die zum Ende des Films eingebettet werden Bloopers
55%
alternative Filmfassung wie vom Regisseur ursprünglich vorgesehen, oft länger als die originale Version Director's Cut
49%
Utensil, bei der der Hintergrund in einem Filmstudio eine beliebige zweidimensionale Kulisse einnehmen kann Greenscreen
48%
Wird durchbrochen, wenn ein Schauspieler im Film direkt in die Kamera zum Zuschauer spricht Vierte Wand
42%
Eine neue Information in einem Film, die die Handlung in ein neues Licht stellt Plot Twist
39%
Ein (oft kleiner) Helfer an der Seite des Protagonisten eines Films Sidekick
39%
Film, der ohne Schnitt zurechtkommt One-Take
36%
Genrebezeichnung für die dramatisierte Verfilmung des Lebens einer bekannten Person Biopic
35%
Extreme Nahaufnahme (z.B. Teile des Gesichts) Close-up
32%
filmische Bezeichnung für einen Gegenstand, der in einem Film existiert, um die Handlung voranzutreiben (z.B in dem der Protagonist ihn sucht und von Ort zu Ort reist) MacGuffin
10%
dramatisches Mittel, das eine plötzliche, unerwartete Lösung für ein Problem oder eine Herausforderung in einer Geschichte bietet, oft auf eine Art und Weise, die nicht organisch aus der Handlung oder den Charakteren hervorgeht. Deus Ex Machina
8%
Häufig eingesetzter Kamerawagen auf Schienen, mit dem ruckelfreie weiche Kamerafahrten gemacht werden Dolly
8%
Name für den ca. 45 Grad geneigten Kamerawinkel eines Shots Dutch Angle
3%
Sehr weit heraus gezoomte Aufnahme eines Raums/Gebäudes/Stadt zu Beginn einer Szene Establishing Shot
2%
Keine übereinstimmenden Quizze gefunden
Verteilung der Resultate
Anzahl Personen mit jedem Resultat
Perzentil nach korrekt beantworteten Fragen
Ihre Resultats-Entwicklung
Sie haben dieses Quiz noch nicht gespielt